The Challenge of Public Pension Reform in Advanced and Emerging Economies /

Pension reform is high on the policy agenda of many advanced and emerging market economies. In advanced economies the challenge is generally to contain future increases in public pension spending as the population ages. In emerging market economies, the challenges are often different. Where pension...

Ausführliche Beschreibung

Bibliographische Detailangaben
1. Verfasser: Clements, Benedict
Weitere Verfasser: Coady, David, Eich, Frank, Gupta, Sanjeev
Format: Zeitschrift
Sprache:English
Veröffentlicht: Washington, D.C. : International Monetary Fund, 2016.
Online Zugang:Full text available on IMF
LEADER 01826cas a2200253 a 4500
001 AALejournalIMF022019
008 230101c9999 xx r poo 0 0eng d
020 |c 15.00 USD 
020 |z 9787504979971 
040 |a BD-DhAAL  |c BD-DhAAL 
100 1 |a Clements, Benedict. 
240 1 0 |a The Challenge of Public Pension Reform in Advanced and Emerging Economies.  |l Chinese 
245 1 4 |a The Challenge of Public Pension Reform in Advanced and Emerging Economies /  |c Benedict Clements, David Coady, Frank Eich, Sanjeev Gupta. 
264 1 |a Washington, D.C. :  |b International Monetary Fund,  |c 2016. 
300 |a 1 online resource (120 pages) 
500 |a <strong>Off-Campus Access:</strong> No User ID or Password Required 
500 |a <strong>On-Campus Access:</strong> No User ID or Password Required 
506 |a Electronic access restricted to authorized BRAC University faculty, staff and students 
520 3 |a Pension reform is high on the policy agenda of many advanced and emerging market economies. In advanced economies the challenge is generally to contain future increases in public pension spending as the population ages. In emerging market economies, the challenges are often different. Where pension coverage is extensive, the issues are similar to those in advanced economies. Where pension coverage is low, the key challenge will be to expand coverage in a fiscally sustainable manner. This volume examines the outlook for public pension spending over the coming decades and the options for reform in 52 advanced and emerging market economies. 
538 |a Mode of access: Internet 
700 1 |a Coady, David. 
700 1 |a Eich, Frank. 
700 1 |a Gupta, Sanjeev. 
856 4 0 |z Full text available on IMF  |u http://elibrary.imf.org/view/books/084/12973-9787504979971-zh/12973-9787504979971-zh-book.xml  |z IMF e-Library